Twelfth Night Franchise - Statistics

General Stats
  • This quiz has been taken 14 times
  • The average score is 7 of 15
Answer Stats
Type Year Name Info % Correct
Short Film 1933 Twelfth Night (Amateur)
100%
Film 1955 Twelfth Night Lenfilm Studio
100%
Film 1986 Twelfth Night GUO
100%
Film 1996 Twelfth Night Entertainment Film Distributors
100%
Play 1601-1602 Twelfth Night, or What You Will William Shakespeare
100%
TV Play 1988 Twelfth Night, or, What You Will ITV
100%
Film 2006 She's the Man DreamWorks
45%
Opera 1924 Viola Bedřich Smetana
18%
Musical 2002 Illyria Peter Mills
9%
Film 1985 Just One of the Guys Columbia
9%
Film 1949 Kanniyin Kathali Jupiter Pictures
9%
TV Film 2001 Motocrossed Disney Channel
9%
Musical 1976 Music Is Richard Adler
9%
Musical 1997 Play On! Duke Ellington
9%
Musical 1968 Your Own Thing Hal Hester / Danny Apolinar
9%
No matching quizzes found
Score Distribution
Percent of People with Each Score
Percentile by Number Answered
Your Score History
You have not taken this quiz